000 00751nam a22001937a 4500
005 20251108172547.0
008 250721s1999 eg gr 000 0 ara d
040 _a9772153637
082 1 4 _a001.94
_bع ب د
100 1 _aعبدالفتاح، سيد صديق
_eمؤلف.
245 1 0 _aأغرب الوصايا في الغرب للملوك والزعماء والفلاسفة والأدباء /
_cتاليف سيد صديق عبدالفتاح.
250 _aالطبعة الاولى.
260 1 _aالقاهرة :
_bدار غريب للطباعة،
264 3 1 _aالقاهرة :
_bدار غريب للطباعة،
_c[غير معروف].
300 _a271صفحة.
650 1 7 _aالوصايا
942 _2ddc
_cBK
999 _c82526
_d82526